000 00584nam a2200217 i 4500
001 C2-0216057
003 PPAK
005 20180728104700.0
008 990511s1960 si |||| ||||| | eng d
040 _aPPAK
_beng
_cPPAK
_erda
082 0 4 _a959.1
_2 23
090 0 0 _a959.1
_bSIN
_dKWI
100 1 _aSingal, D.P.,
_eauthor
245 1 4 _aThe annexation of upper Burma
264 1 _aSingapore :
_bEastern Universities Press ,
_c1960
300 _avii, 129 pages
336 _2rdacontent
_atext
337 _2rdamedia
_aunmediated
338 _2rdacarrier
_avolume
942 _ddc
_cB
999 _c159741
_d159741